Die Jahrbücher von Hildesheim nach der Ausgabe der Monumenta Germaniae
Elmentve itt :
| További közreműködők: | |
|---|---|
| Dokumentumtípus: | Cikk |
| Megjelent: |
1862
|
| Sorozat: | Kolligátum
|
| Kulcsszavak: | Hildesheimi évkönyv, Középkor története - évkönyv |
| Online Access: | http://misc.bibl.u-szeged.hu/23911 |
| LEADER | 00594nab a2200169 i 4500 | ||
|---|---|---|---|
| 001 | misc23911 | ||
| 005 | 20191111110738.0 | ||
| 008 | 171024s1862 hu o 0|| zxx d | ||
| 040 | |a SZTE Miscellanea Repozitórium |b hun | ||
| 041 | |a zxx | ||
| 245 | 0 | 4 | |a Die Jahrbücher von Hildesheim |h [elektronikus dokumentum] : |b nach der Ausgabe der Monumenta Germaniae |
| 260 | |c 1862 | ||
| 300 | |a 1-17 | ||
| 490 | 0 | |a Kolligátum | |
| 695 | |a Hildesheimi évkönyv, Középkor története - évkönyv | ||
| 700 | 0 | 1 | |a Winkelmann Eduard |
| 856 | 4 | 0 | |u http://misc.bibl.u-szeged.hu/23911/1/010_014_001-017.pdf |z Dokumentum-elérés |